Sports Quiz

Random Sports or University Quiz

ACC College Towns by Area Pop. Quiz Stats

Quiz not verified by Sporcle

Challenge
Share
Tweet
Embed
Score 0/12 Timer 05:00
0 Plays Today
Metro Population City % Correct
5,564,635Coral Gables, FL (Miami, FL Metro Area)
95.9%
4,522,858Chestnut Hill, MA (Boston, MA Metro Area)
92.9%
504,357Durham, NC
91.9%
5,268,860Atlanta, GA
91.4%
504,357Chapel Hill, NC (Durham, NC Metro Area)
89.8%
636,986Clemson, SC (Greenville, SC Metro Area)
87.3%
367,413Tallahassee, FL
86.8%
1,130,490Raleigh, NC
86.8%
159,587Blacksburg, VA
82.2%
5,582,170College Park, MD (Washington, DC Metro Area)
81.7%
195,847Charlottesville, VA
78.2%
477,717Winston-Salem, NC
75.6%

You're not logged in!

Compare scores with friends on all Sporcle quizzes.
Sign Up with Email
OR
Log In

You Might Also Like...

Show Comments

Extras

Top Quizzes Today


Score Distribution

Your Account Isn't Verified!

In order to create a playlist on Sporcle, you need to verify the email address you used during registration. Go to your Sporcle Settings to finish the process.